Geodesy and map projections (Record no. 85632)
[ view plain ]
| 000 -LEADER | |
|---|---|
| fixed length control field | 00557cam a2200193 4500 |
| 001 - CONTROL NUMBER | |
| control field | D6490 |
| 008 - FIXED-LENGTH DATA ELEMENTS--GENERAL INFORMATION | |
| fixed length control field | 090401t1983 xxu||||| |||| 00| 0 eng d |
| 035 ## - SYSTEM CONTROL NUMBER | |
| System control number | (Sirsi) u1132 |
| 041 ## - LANGUAGE CODE | |
| Language code of text/sound track or separate title | eng |
| 050 ## - LIBRARY OF CONGRESS CALL NUMBER | |
| Classification number | 526 |
| 100 ## - MAIN ENTRY--PERSONAL NAME | |
| Personal name | Lauf, G.B. |
| 245 ## - TITLE STATEMENT | |
| Title | Geodesy and map projections |
| 260 ## - PUBLICATION, DISTRIBUTION, ETC. | |
| Place of publication, distribution, etc. | Collingwood, Victoria |
| Name of publisher, distributor, etc. | TAFE Publications Unit |
| Date of publication, distribution, etc. | 1983 |
| 300 ## - PHYSICAL DESCRIPTION | |
| Extent | 127p. illus. 30cm |
| 350 ## - PRICE (NR) (BK AM CF MU VM SE) [OBSOLETE] | |
| Price | 23.75 |
| 520 ## - SUMMARY, ETC. | |
| Summary, etc. | Based on notes for students in the Department of Surveying at the Royal Melbourne Institute of Technolgy |
| 942 ## - ADDED ENTRY ELEMENTS (KOHA) | |
| Suppress in OPAC | 0 |
| 948 ## - LOCAL PROCESSING INFORMATION (OCLC); SERIES PART DESIGNATOR (RLIN) | |
| c (OCLC) | 04/03/1997 |
| Withdrawn status | Lost status | Source of classification or shelving scheme | Damaged status | Not for loan | Home library | Current library | Shelving location | Date acquired | Cost, normal purchase price | Total Checkouts | Full call number | Barcode | Date last seen | Copy number | Cost, replacement price | Price effective from | Koha item type |
|---|---|---|---|---|---|---|---|---|---|---|---|---|---|---|---|---|---|
| Dewey Decimal Classification | London | London | Basement | 14/09/1999 | 23.75 | SHELF 205 | 30003948 | 06/08/2019 | 1 | 23.75 | 06/08/2019 | Book |